00621nam a2200205Ia 450000500170000000800410001702000150005808200220007310000130009524500700010826000620017830000120024065000090025265000100026165000120027165000130028394200060029695200980030299900150040020250325063543.0240331s9999 xx 000 0 und d a8170367271 a302.23bMIT22762 aMitra, A 0aIndia Through the Western Lens:bCreating National Images in Film aNew Delhi;aCalifornia;aLondon,bSAGE Publicationsc1999 a256 p., aFilm aMedia aCulture aDiaspora cL 001040708LaWERCLbWERCLcSSCd2024-03-31l0o 302.23 MITp2762r2024-03-31w2024-03-31yL c1139d1139